|
|
|
|
| LEADER |
00000cam a22000004a 4500 |
| 001 |
musev2_22264 |
| 003 |
MdBmJHUP |
| 005 |
20230905042354.0 |
| 006 |
m o d |
| 007 |
cr||||||||nn|n |
| 008 |
120320s2011 mou o 00 0 eng d |
| 020 |
|
|
|a 9780826272614
|
| 020 |
|
|
|z 9780826219404
|
| 035 |
|
|
|a (OCoLC)868218088
|
| 040 |
|
|
|a MdBmJHUP
|c MdBmJHUP
|
| 100 |
1 |
|
|a Giglio, James N.,
|d 1939-
|
| 245 |
1 |
0 |
|a Call Me Tom :
|b The Life of Thomas F. Eagleton /
|c James N. Giglio.
|
| 264 |
|
1 |
|a London :
|b University of Missouri Press,
|c 2011.
|
| 264 |
|
3 |
|a Baltimore, Md. :
|b Project MUSE,
|c 2014
|
| 264 |
|
4 |
|c ©2011.
|
| 300 |
|
|
|a 1 online resource (324 pages):
|b illustrations, portraits.
|
| 336 |
|
|
|a text
|b txt
|2 rdacontent
|
| 337 |
|
|
|a computer
|b c
|2 rdamedia
|
| 338 |
|
|
|a online resource
|b cr
|2 rdacarrier
|
| 490 |
0 |
|
|a Missouri biography series
|
| 505 |
0 |
|
|a Growing up in St. Louis -- Serving city and state government -- The inaugural 1968 senate campaign -- Promising beginnings -- The Eagleton affair -- In the arena -- The final campaign -- Combating the Reagan revolution -- The personal Eagleton -- The sage of St. Louis -- The final years.
|
| 520 |
|
|
|a Detailed biography of the St. Louis senator as a moderate liberal in a conservative state, from a promising attorney to contributions in environmental and social legislation. Known for his successful bipartisanship, he was the Democratic nominee for Vice-President in 1972 until personal problems were revealed.
|
| 588 |
|
|
|a Description based on print version record.
|
| 600 |
1 |
7 |
|a Eagleton, Thomas F.
|0 (DE-604)BV0087302
|2 swd
|
| 600 |
1 |
7 |
|a Eagleton, Thomas F.,
|d 1929-2007.
|2 fast
|0 (OCoLC)fst01449601
|
| 600 |
1 |
1 |
|a Eagleton, Thomas F.,
|d 1929-2007.
|
| 600 |
1 |
0 |
|a Eagleton, Thomas F.,
|d 1929-2007.
|
| 650 |
|
7 |
|a Vice-presidential candidates.
|2 fast
|0 (OCoLC)fst01166243
|
| 650 |
|
7 |
|a Legislators.
|2 fast
|0 (OCoLC)fst00995828
|
| 650 |
|
7 |
|a POLITICAL SCIENCE
|x Government
|x Legislative Branch.
|2 bisacsh
|
| 650 |
|
7 |
|a BIOGRAPHY & AUTOBIOGRAPHY
|x Political.
|2 bisacsh
|
| 650 |
|
0 |
|a Legislators
|z Missouri
|v Biography.
|
| 650 |
|
0 |
|a Vice-presidential candidates
|z United States
|v Biography.
|
| 651 |
|
7 |
|a United States.
|2 fast
|0 (OCoLC)fst01204155
|
| 651 |
|
7 |
|a Missouri.
|2 fast
|0 (OCoLC)fst01204724
|
| 655 |
|
7 |
|a Biographies.
|2 fast
|0 (OCoLC)fst01919896
|
| 655 |
|
4 |
|a Biographie.
|
| 655 |
|
7 |
|a Electronic books.
|2 local
|
| 710 |
2 |
|
|a Project Muse.
|e distributor
|
| 830 |
|
0 |
|a Book collections on Project MUSE.
|
| 856 |
4 |
0 |
|z Texto completo
|u https://projectmuse.uam.elogim.com/book/22264/
|
| 945 |
|
|
|a Project MUSE - Custom Collection
|
| 945 |
|
|
|a Project MUSE - Archive Complete Supplement II
|
| 945 |
|
|
|a Project MUSE - Archive History Supplement II
|